000
00285nam a22001337a 4500
008
171017b xxu||||| |||| 00| 0 eng d
020
_a
9780375407659
041
_a
eng
080
_a
33
100
_a
52
101
_a
ECO
245
_a
BUTTERFLY ECONOMICS
_c
PAUL.O
942
_2
udc
_c
BK
999
_c
34340
_d
34340